书目信息 |
| 题名: |
配位与催化
|
|
| 作者: | 奥利韦 著 ;徐丽娟 , 刘喜生 , 徐吉庆 译 | |
| 分册: | ||
| 出版信息: | 北京 科学出版社 1986 |
|
| 页数: | 453页 | |
| 开本: | 19cm | |
| 丛书名: | ||
| 单 册: | ||
| 中图分类: | O611.662 | |
| 科图分类: | ||
| 主题词: | 络合物化学 , 无机化学 | |
| 电子资源: | ||
| ISBN: | ||
| 000 | 00828nam0 2200289 45 | |
| 001 | 0186010339 | |
| 005 | 20060410163418.29 | |
| 010 | @dCNY3.45 | |
| 091 | @aCN@b13031.3280 | |
| 100 | @a19900818d1986 em y0chiy0121 ea | |
| 101 | 1 | @achi |
| 102 | @aCN@b110000 | |
| 105 | @ay z 000yy | |
| 200 | 10 | @a配位与催化@Apei wei yu cui hua@fG.H.奥利韦,S.奥利韦著@FG.H.ao li wei,S.ao li wei zhu@g徐吉庆等译 |
| 210 | @a北京@c科学出版社@d1986 | |
| 215 | @a453页@d19cm | |
| 300 | @a译自H.F.Ebel编辑的化学专论第九卷 | |
| 606 | @a络合物化学 | |
| 606 | 0 | @a无机化学 |
| 690 | @aO611.662 | |
| 701 | 1 | @a奥利韦@Aao li wei@bG.H.@4著 |
| 702 | 0 | @a徐丽娟@Axu li juan@4译 |
| 702 | 0 | @a刘喜生@Aliu xi sheng@4译 |
| 702 | 0 | @a徐吉庆@Axu ji qing@4译 |
| 801 | 2 | @aCN@bNLC@c20060410 |
| 801 | 0 | @aCN@bTSSF |
| 905 | @a10447@dO611.662@e10 | |
| 配位与催化/G.H.奥利韦,S.奥利韦著/徐吉庆等译.-北京:科学出版社,1986 |
| 453页;19cm |
| 译自H.F.Ebel编辑的化学专论第九卷 |
| ISBN :CNY3.45 |
| ● |
| 相关链接 |
|
|
|
|
正题名:配位与催化
索取号:O611.662/10
 
预约/预借
| 序号 | 登录号 | 条形码 | 馆藏地/架位号 | 状态 | 备注 |
| 1 | 0163984 | 202220355 | 密集书库/ [索取号:O611.662/10] | 在馆 | |
| 2 | 0163985 | 202447600 | 第二样本阅览室/ [索取号:O611.662/10] | 在馆 |